| 000 | 00329nam a2200109Ia 4500 | ||
|---|---|---|---|
| 008 | 220216s9999 xx 000 0 und d | ||
| 100 | _aPremakumari D | ||
| 245 | 0 | _aPossibility of collecting Hevea seeds at the yellow pod stage | |
| 260 |
_bInternational Rubber Conference, India, 1980 _c1980 |
||
| 700 | _aNair V K B | ||
| 942 | _cJS | ||
| 999 |
_c65334 _d65334 |
||